大阪環状線の駅(サドンデス) - Statistics

General Stats
  • This quiz has been taken 113 times
  • The average score is 13 of 15
Answers on the Grid
Answers color-coded by a green-red scale on the quiz's grid according to % correct below.
大阪
新大阪
天王寺
京橋
鶴橋
新今宮
夢洲
心斎橋
なんば
森ノ宮
桜ノ宮
一ノ宮
大正
昭和
平成
令和
九条
西九条
芦原橋
大阪城公園
福島
長野
船橋
野田
舞阪町
弁天町
寺田町
北野町
 
Answer Stats
Answer % Correct
大阪
96%
天王寺
90%
大正
89%
京橋
85%
鶴橋
85%
森ノ宮
85%
桜ノ宮
84%
福島
84%
新今宮
83%
大阪城公園
83%
西九条
81%
弁天町
81%
芦原橋
79%
野田
79%
寺田町
79%
No matching quizzes found
Score Distribution
Percent of People with Each Score
Percentile by Number Answered
Your Score History
You have not taken this quiz